[Event "Barcelona Sant Marti op-B 20th"]
[Site "Barcelona"]
[Date "2018.07.17"]
[Round "5"]
[White "Brufau Devesa, Eduard"]
[Black "Martinez Escribano, Jose Angel"]
[Result "1/2-1/2"]
[WhiteElo "1714"]
[BlackElo "1930"]
[PlyCount "45"]
[EventDate "2018.07.13"]
[EventType "swiss"]
[EventRounds "9"]
[EventCountry "ESP"]
[SourceTitle "EXT 2019"]
[Source "ChessBase"]
[SourceDate "2018.10.10"]
[SourceVersion "1"]
[SourceVersionDate "2018.10.10"]
[SourceQuality "1"]

1. d4 Nf6 2. c4 g6 3. Nc3 Bg7 4. Nf3 0-0 5. Bf4 d6 6. h3 c6 7. e3 Bf5 8. Bd3 Qa5 9. Qc2 Bxd3 10. Qxd3 Nbd7 11. 0-0 Rfe8 12. Nd2 Rad8 13. Nb3 Qa6 14. Rfd1 b6 15. Nd2 e5 16. Bg3 d5 17. dxe5 Nxe5 18. Bxe5 Rxe5 19. Nf3 Ree8 20. cxd5 Qxd3 21. Rxd3 Nxd5 22. Rad1 Bf6 23. Nxd5 1/2-1/2